000 00586nam a2200217Ia 4500
001 16134
003 GE_BSU
008 181216s||||||||xx |||||||||||||| ||und||
020 _a9781423903161
040 _cGE_BSU
080 _a004.7
100 _aMansfield,Jr. Kenneth. Antonakos, James L.
245 _aComputer Networking from LANS to WANS: Hardvare, Software and Security
260 _aBoston
260 _c2010
300 _a949p.23cm.
300 _e+CD
541 _h300 L.
653 _aComputer Networking from LANS to WANS: Hardvare, Software and Security
942 _cBK
999 _c49222
_d49222